• 首页
  • 本馆介绍
  • 公告通知
  • 最新文献
  • 馆藏检索
  • 电子资源
  • 读者导购
  • 参考咨询
  • 我的图书馆
  • 登录
  • 详细信息显示
  • 放入我的书架
  • 预约/预借图书
  • 作者相关作品
  • 分类相关作品
  • 丛书相关作品
  • 出版社相关作品

书目信息

  • 表格格式
  • 工作单格式
  • 卡片格式
题名:
抗敌豫中南
    
 
作者: 万娜 著
分册:  
出版信息: 北京   长城出版社  2015
页数: 318页
开本: 24cm
丛书名: 中国抗日战争战场全景画卷丛书
单 册:
中图分类: E296.93
科图分类:
主题词:
电子资源:
ISBN: 978-7-80017-979-2
000 01059oam2 2200265 45
001 012001005103
005 20141007150002.0
010    @a978-7-80017-979-2@dCNY56.00
100    @a20151101d2015 em y0chiy50 ea
101 0  @achi
102    @aCN@b110000
105    @aa z 000yy
106    @ar
200 1  @a抗敌豫中南@9kang di yu zhong nan@e中原抗战影像全纪录@f万娜著
210    @a北京@c长城出版社@d2015
215    @a318页@c图@d24cm
225 1  @a中国抗日战争战场全景画卷丛书@h第三辑@v22
330    @a本书全方位、多视角、全景式地讲述了抗日战争期间发生在豫中南大地上的中原抗战的全过程。蒋介石以及李宗仁等,试图通过大战略迂回赢得反击的机会。书中辅以大量珍贵的历史资料图片,让读者更加直观地了解这段历史。本书兼具纪实性、文学性、史料性。
461  0 @12001 @a中国抗日战争战场全景画卷丛书
517 1  @a中原抗战影像全纪录@9zhong yuan kang zhan ying xiang quan ji lu
601 02 @a国民党军@x抗日战争时期战役战斗@y河南@j史料
690    @aE296.93@v5
701  0 @a万娜@9wan na@4著
801  0 @aCN@b上海新华@c20180901
905    @b1172639-43@dE296.93@e113@f5
    
    抗敌豫中南:中原抗战影像全纪录/万娜著.-北京:长城出版社,2015
    318页:图;24cm.-(中国抗日战争战场全景画卷丛书.第三辑;22)
    
    
    ISBN 978-7-80017-979-2:CNY56.00
    本书全方位、多视角、全景式地讲述了抗日战争期间发生在豫中南大地上的中原抗战的全过程。蒋介石以及李宗仁等,试图通过大战略迂回赢得反击的机会。书中辅以大量珍贵的历史资料图片,让读者更加直观地了解这段历史。本书兼具纪实性、文学性、史料性。
●
相关链接 在E读中查询图书 在五车中查询图书 在当当中查询图书 在豆瓣中查询图书


正题名:抗敌豫中南     索取号:E296.93/113         预约/预借

序号 登录号 条形码 馆藏地/架位号 状态 备注
1 1172639   211726391   第一样本阅览室/ [索取号:E296.93/113] 在馆    
2 1172640   211726408   密集书库-资源管理系/ [索取号:E296.93/113] 在馆    
3 1172641   211726417   第一借阅区/ [索取号:E296.93/113] 在馆    
4 1172642   211726426   第一借阅区/ [索取号:E296.93/113] 在馆    
5 1172643   211726435   第一借阅区/ [索取号:E296.93/113] 在馆    
唐山师范学院图书馆 欢迎您!
大连网信软件有限公司© 版权所有